Glencoe mathematics : Applications and connections : Handbook for Texas students
This book includes 13 chapters: Chapter 1: Problem solving, numbers, and algebra; Chapter 2: Statistics: graphing data; Chapter 3: Adding and subtracting decimals; Chapter 4: Multiplying and dividing decimals; Chapter 5: Using number patterns, fractions, and ratios; Chapter 6: Adding and subtracting...
সংরক্ষণ করুন:
| প্রধান লেখক: | |
|---|---|
| বিন্যাস: | গ্রন্থ |
| ভাষা: | Undetermined |
| প্রকাশিত: |
New York
Glencoe/McGraw-Hill
1999
|
| বিষয়গুলি: | |
| ট্যাগগুলো: |
ট্যাগ যুক্ত করুন
কোনো ট্যাগ নেই, প্রথমজন হিসাবে ট্যাগ করুন!
|
| Thư viện lưu trữ: | Trung tâm Học liệu Trường Đại học Cần Thơ |
|---|
| LEADER | 01323nam a2200229Ia 4500 | ||
|---|---|---|---|
| 001 | CTU_137289 | ||
| 008 | 210402s9999 xx 000 0 und d | ||
| 020 | |c 87.5 | ||
| 082 | |a 372.7 | ||
| 082 | |b G558/C.1 | ||
| 100 | |a Boyd, Cindy J. | ||
| 245 | 0 | |a Glencoe mathematics : | |
| 245 | 0 | |b Applications and connections : Handbook for Texas students | |
| 245 | 0 | |c Cindy J. Boyd ... [et al.] | |
| 260 | |a New York | ||
| 260 | |b Glencoe/McGraw-Hill | ||
| 260 | |c 1999 | ||
| 520 | |a This book includes 13 chapters: Chapter 1: Problem solving, numbers, and algebra; Chapter 2: Statistics: graphing data; Chapter 3: Adding and subtracting decimals; Chapter 4: Multiplying and dividing decimals; Chapter 5: Using number patterns, fractions, and ratios; Chapter 6: Adding and subtracting fractions; Chapter 7: Multiplying and dividing fractions; Chapter 8: Exploring ratio, proportion, and percent; Chapter 9: Geometry: investigating patterns; Chapter 10: Geometry: understanding area and volume; Chapter 11: Algebra: investigating integers; Chapter 12: Algebra: exploring equations: Chapter 13: Using probability. | ||
| 650 | |a Mathematics,Toán học | ||
| 650 | |x Study and teaching ( Elementary ),Học và giảng dạy ( Tiểu học ) | ||
| 904 | |i Giang | ||
| 980 | |a Trung tâm Học liệu Trường Đại học Cần Thơ | ||